Globalisation / (Record no. 43978)
[ view plain ]
| 000 -LEADER | |
|---|---|
| fixed length control field | 00686nam a22002177a 4500 |
| 005 - DATE AND TIME OF LATEST TRANSACTION | |
| control field | 2010090601441.0 |
| 008 - FIXED-LENGTH DATA ELEMENTS--GENERAL INFORMATION | |
| fixed length control field | 100906t xxu||||| |||| 00| 0 eng d |
| 010 ## - LCCN (DPL NO) | |
| LC control number | ENG-101430 |
| 020 ## - INTERNATIONAL STANDARD BOOK NUMBER | |
| Terms of availability | 150.00 |
| 035 ## - SYSTEM CONTROL NUMBER | |
| System control number | EN-84963 |
| 037 ## - SOURCE OF ACQUISITION | |
| Source of stock number/acquisition | DBAD/PUB |
| 040 ## - CATALOGING SOURCE | |
| Original cataloging agency | Dpl |
| Language of cataloging | Eng |
| 082 ## - DEWEY DECIMAL CLASSIFICATION NUMBER | |
| Classification number | N |
| 100 ## - MAIN ENTRY--PERSONAL NAME | |
| Personal name | Roy,Nimai |
| 9 (RLIN) | 18564 |
| 245 ## - TITLE STATEMENT | |
| Title | Globalisation / |
| Statement of responsibility, etc | by Nimai Roy |
| 260 ## - PUBLICATION, DISTRIBUTION, ETC. (IMPRINT) | |
| Place of publication, distribution, etc | Behala |
| Name of publisher, distributor, etc | Behala Nobel Mission |
| Date of publication, distribution, etc | 2010 |
| 270 ## - ADDRESS | |
| Address | 30,Dhalipara Road,(Ramakrishna Sarani) |
| City | Behala, Kolkata |
| Postal code | 700060 |
| 300 ## - PHYSICAL DESCRIPTION | |
| Extent | iv,144p. |
| Other physical details | 23cm (Hb) |
| 942 ## - ADDED ENTRY ELEMENTS (KOHA) | |
| Source of classification or shelving scheme | Dewey Decimal Classification |
| Item type | English Books |
| Classification part | N |
| Call number suffix | ROY |
| Withdrawn status | Lost status | Source of classification or shelving scheme | Damaged status | Not for loan | Collection code | Home library | Current library | Date acquired | Source of acquisition | Cost, normal purchase price | Total Checkouts | Full call number | Barcode | Date last seen | Copy number | Cost, replacement price | Koha item type |
|---|---|---|---|---|---|---|---|---|---|---|---|---|---|---|---|---|---|
| Dewey Decimal Classification | Not For Loan | Fiction | D.B.Act.Division | D.B.Act.Division | 06/09/2010 | DBAD/PUB | 150.00 | N ROY | EN-84963 | 06/09/2010 | 1 | 150.00 | English Books |
